000 00572ntaaa2200193 4500
003 01
005 20251027202931.0
008 0714s1973 ag 01
040 _aAR-BaBN
_bspa
_cAR-BaBN
_eaacr
_dRIC
082 _a922.6810 C46
100 _aGreer, G
_929987
245 _aDel cofre de Dios
250 _a1 ed.
260 _aEl Paso :
_bCasa Bautista de Publicaciones,
_c1966
300 _a31 p
500 _aAventuras misioneras de un hombre que vivió y sirvió eficazmente en la obra misionera del Brasil
650 _aChristie, Alonso B ( -1951)
_929988
942 _cBK
999 _c24633
_d24633